[Event "1516LLO"]
[Site "Mecklenburg-Vorpommern"]
[Date "2015.11.15"]
[Round "3.5"]
[White "Leisner, Ekkehardt"]
[Black "Rosin, Ralf"]
[Result "1/2-1/2"]
[WhiteElo "1679"]
[BlackElo "1730"]
[PlyCount "111"]
[EventType "team-tourn"]
[EventRounds "9"]
[EventCountry "GER"]
[SourceDate "2015.09.20"]
[WhiteTeam "SG Neubrandenburg II"]
[BlackTeam "SV Motor Wolgast"]
[WhiteTeamCountry "GER"]
[BlackTeamCountry "GER"]

1. c4 e6 2. g3 Be7 3. Bg2 f5 4. Nc3 Nf6 5. d3 O-O 6. e3 c6 7. Nge2 d5 8. Qc2
Na6 9. a3 Bd7 10. O-O Be8 11. Bd2 Qd7 12. Rfd1 Bh5 13. Be1 Rad8 14. Rd2 Bxe2
15. Nxe2 Ng4 16. d4 Nf6 17. Rd3 Rc8 18. c5 Ne4 19. b4 Bf6 20. f3 Ng5 21. Rb3
Rce8 22. Rab1 Nc7 23. a4 a6 24. Bf2 Nf7 25. Nc3 e5 26. b5 exd4 27. exd4 axb5
28. axb5 Nd8 29. b6 Nce6 30. Qd3 g6 31. Ra3 Qg7 32. Ne2 Re7 33. Ra7 Rfe8 34.
Rd1 Bg5 35. f4 Bh6 36. Bh3 Nf8 37. Kf1 Nd7 38. Ng1 Nf6 39. Nf3 Ne4 40. Bg2 Qf6
41. Ne5 Bg7 42. Be3 Qe6 43. Qc2 Bf6 44. Kg1 Rg7 45. Rf1 h6 46. Bh3 h5 47. Rf3
Rf8 48. Kh1 Kh7 49. Ra1 Be7 50. Rff1 Bf6 51. Ra8 Re7 52. Bg2 Kg7 53. Bf3 Rh8
54. Rg1 Ree8 55. Ra7 Re7 56. Qg2 1/2-1/2

[Event "1516LLO"]
[Site "Mecklenburg-Vorpommern"]
[Date "2015.11.15"]
[Round "3.6"]
[White "Klotzsche, Stefan"]
[Black "Buenz, Heinrich"]
[Result "1-0"]
[WhiteElo "1745"]
[BlackElo "1678"]
[PlyCount "87"]
[EventType "team-tourn"]
[EventRounds "9"]
[EventCountry "GER"]
[SourceDate "2015.09.20"]
[WhiteTeam "SV Motor Wolgast"]
[BlackTeam "SG Neubrandenburg II"]
[WhiteTeamCountry "GER"]
[BlackTeamCountry "GER"]

1. Nf3 d5 2. g3 g6 3. Bg2 Bg7 4. O-O e5 5. d3 Ne7 6. c4 dxc4 7. Qa4+ c6 8. Qxc4
Be6 9. Qc2 O-O 10. Nc3 Nd7 11. Rb1 Rc8 12. b4 Nb6 13. e4 Qc7 14. Be3 Nd7 15.
Ng5 Qd6 16. Rfd1 h6 17. Nxe6 Qxe6 18. Ne2 Nf6 19. h3 Kh7 20. Rb3 b6 21. Kh2 Nd7
22. Ra3 Rc7 23. d4 Rfc8 24. Rc3 f5 25. d5 Qd6 26. dxc6 Qxb4 27. cxd7 Rxc3 28.
dxc8=Q Nxc8 29. Qxc3 Qxc3 30. Nxc3 f4 31. gxf4 exf4 32. Bd4 Ne7 33. Bxg7 Kxg7
34. Rd7 Kf6 35. Rxa7 Nc6 36. Rb7 Nd4 37. Rxb6+ Kg5 38. a4 h5 39. a5 Kh4 40. a6
Nc2 41. a7 Ne1 42. a8=Q f3 43. Qd8+ g5 44. Rg6 1-0

[Event "1516LLO"]
[Site "Mecklenburg-Vorpommern"]
[Date "2015.11.15"]
[Round "3.7"]
[White "Hoerhold, Martin"]
[Black "Schellner, Ulf"]
[Result "1/2-1/2"]
[WhiteElo "1663"]
[BlackElo "1624"]
[PlyCount "38"]
[EventType "team-tourn"]
[EventRounds "9"]
[EventCountry "GER"]
[SourceDate "2015.09.20"]
[WhiteTeam "SG Neubrandenburg II"]
[BlackTeam "SV Motor Wolgast"]
[WhiteTeamCountry "GER"]
[BlackTeamCountry "GER"]

1. d4 d5 2. g3 Nf6 3. Bg2 c6 4. Nf3 Bf5 5. O-O Nbd7 6. Nbd2 Ne4 7. c4 Ndf6 8.
Nh4 Nxd2 9. Bxd2 Be6 10. c5 g6 11. Qc1 Bg7 12. Bh6 O-O 13. Bxg7 Kxg7 14. b4 Qc8
15. Rd1 Bh3 16. Bh1 Qc7 17. Qf4 Qxf4 18. gxf4 Nh5 19. e3 Nf6 1/2-1/2

[Event "1516LLO"]
[Site "Mecklenburg-Vorpommern"]
[Date "2015.11.15"]
[Round "3.8"]
[White "Tarasow, Alexey"]
[Black "Friedrich, Joerg"]
[Result "1/2-1/2"]
[WhiteElo "1741"]
[BlackElo "1619"]
[PlyCount "48"]
[EventType "team-tourn"]
[EventRounds "9"]
[EventCountry "GER"]
[SourceDate "2015.09.20"]
[WhiteTeam "SV Motor Wolgast"]
[BlackTeam "SG Neubrandenburg II"]
[WhiteTeamCountry "GER"]
[BlackTeamCountry "GER"]

1. e4 c5 2. Nc3 Nc6 3. f4 e5 4. Nf3 exf4 5. Bc4 d6 6. O-O Ne5 7. Bb3 c4 8. Ba4+
Bd7 9. Bxd7+ Qxd7 10. d4 Nxf3+ 11. Qxf3 g5 12. b3 Bg7 13. Rd1 cxb3 14. axb3 Nh6
15. Ra5 f6 16. Ba3 O-O 17. e5 dxe5 18. dxe5 Qe6 19. Bxf8 Qb6+ 20. Bc5 Qxa5 21.
Qd5+ Kh8 22. exf6 Bxf6 23. Ne4 Rd8 24. Nd6 Qc7 1/2-1/2

[Event "1516LLO"]
[Site "Mecklenburg-Vorpommern"]
[Date "2015.12.13"]
[Round "4.1"]
[White "Luethke, Hans Eckart"]
[Black "Hagenlueke, Thomas"]
[Result "1-0"]
[WhiteElo "2122"]
[BlackElo "1877"]
[PlyCount "75"]
[EventType "team-tourn"]
[EventRounds "9"]
[EventCountry "GER"]
[SourceDate "2015.09.20"]
[WhiteTeam "SSC Graal-Mueritz"]
[BlackTeam "Greifswalder SV II "]
[WhiteTeamCountry "GER"]
[BlackTeamCountry "GER"]

1. e4 c6 2. c4 d5 3. exd5 cxd5 4. cxd5 Nf6 5. Qa4+ Nbd7 6. Nc3 g6 7. Nf3 Bg7 8.
Qb3 O-O 9. Bc4 Nc5 10. Qa3 b6 11. O-O Bb7 12. d4 Nce4 13. Re1 Nd6 14. Bb3 a5
15. Bf4 Nfe8 16. Ba4 Nc7 17. Bxd6 exd6 18. Bc6 Bxc6 19. dxc6 b5 20. Ne4 b4 21.
Qd3 Rb8 22. Re2 Nd5 23. g3 Rb6 24. Qc4 Nf6 25. d5 Nxe4 26. Qxe4 Qf6 27. Rc1
Rfb8 28. b3 h5 29. h4 Kh7 30. Ng5+ Kg8 31. Qe7 Rd8 32. c7 Rc8 33. Qxf6 Bxf6 34.
Ne4 Be7 35. Rc6 Rb7 36. Nd2 Bf6 37. Nc4 Be5 38. Nxe5 1-0

[Event "1516LLO"]
[Site "Mecklenburg-Vorpommern"]
[Date "2015.12.13"]
[Round "4.2"]
[White "Schwahn, Christian"]
[Black "Van Bentum, Horst"]
[Result "1/2-1/2"]
[WhiteElo "1963"]
[BlackElo "1925"]
[PlyCount "56"]
[EventType "team-tourn"]
[EventRounds "9"]
[EventCountry "GER"]
[SourceDate "2015.09.20"]
[WhiteTeam "Greifswalder SV II "]
[BlackTeam "SSC Graal-Mueritz"]
[WhiteTeamCountry "GER"]
[BlackTeamCountry "GER"]

1. b3 Nf6 2. Bb2 d5 3. g3 Bf5 4. Bg2 e6 5. Nf3 c6 6. O-O Be7 7. c4 O-O 8. d3
Nbd7 9. Nbd2 Qc7 10. Rc1 Bg6 11. Rc2 a5 12. a3 Qb6 13. Qa1 Rfd8 14. cxd5 exd5
15. Bd4 Qa6 16. Bh3 Bf8 17. Ne5 Nxe5 18. Bxe5 Ne8 19. f4 f6 20. Bd4 Nc7 21. a4
Re8 22. Nf3 Rad8 23. f5 Bf7 24. Qe1 Qa8 25. Bb6 Rd7 26. Nd4 Bb4 27. Qc1 Ree7
28. Kh1 Qe8 1/2-1/2

[Event "1516LLO"]
[Site "Mecklenburg-Vorpommern"]
[Date "2015.12.13"]
[Round "4.3"]
[White "Schulz, Wolf Detlef"]
[Black "Nauschuetz, Ernst"]
[Result "0-1"]
[WhiteElo "1732"]
[BlackElo "1853"]
[PlyCount "106"]
[EventType "team-tourn"]
[EventRounds "9"]
[EventCountry "GER"]
[SourceDate "2015.09.20"]
[WhiteTeam "SSC Graal-Mueritz"]
[BlackTeam "Greifswalder SV II "]
[WhiteTeamCountry "GER"]
[BlackTeamCountry "GER"]

1. e4 c5 2. Nc3 g6 3. f4 Bg7 4. Nf3 Nc6 5. Bc4 e6 6. O-O Nge7 7. d3 d5 8. Bb3
O-O 9. Qe1 Na5 10. a3 Nxb3 11. cxb3 Nc6 12. e5 a6 13. Kh1 Na5 14. Qd1 Bd7 15.
f5 f6 16. fxg6 fxe5 17. gxh7+ Kh8 18. Bg5 Qc7 19. Be7 Rf7 20. Bh4 Raf8 21. Bg3
Rf5 22. Qe2 Nxb3 23. Rae1 Nd4 24. Nxd4 Rxf1+ 25. Rxf1 Rxf1+ 26. Qxf1 cxd4 27.
Ne2 Qd8 28. Qf7 Qe8 29. Qf1 Qg6 30. Nc1 Kxh7 31. Qe1 e4 32. Bf4 e5 33. Qh4+ Kg8
34. Bd2 e3 35. Bb4 Qf6 36. Qe1 e4 37. h3 Bb5 38. Qd1 Qf5 39. dxe4 dxe4 40. Ne2
d3 41. Ng3 Qe5 42. Ne2 Bc4 43. Nf4 Qf5 44. g3 Bxb2 45. Qh5 Qb5 46. Qd1 e2 47.
Nxe2 e3 48. Nf4 Qc6+ 49. Kg1 e2 50. Nxe2 Qb6+ 51. Kg2 dxe2 52. Qd2 Qf6 53. g4
Bd4 0-1

[Event "1516LLO"]
[Site "Mecklenburg-Vorpommern"]
[Date "2015.12.13"]
[Round "4.4"]
[White "Grehl, Tino"]
[Black "Micheel, Peter"]
[Result "1/2-1/2"]
[WhiteElo "1822"]
[BlackElo "1759"]
[PlyCount "56"]
[EventType "team-tourn"]
[EventRounds "9"]
[EventCountry "GER"]
[SourceDate "2015.09.20"]
[WhiteTeam "Greifswalder SV II "]
[BlackTeam "SSC Graal-Mueritz"]
[WhiteTeamCountry "GER"]
[BlackTeamCountry "GER"]

1. c4 Nf6 2. Nc3 e5 3. g3 Bc5 4. Bg2 Nc6 5. e3 O-O 6. Nge2 d6 7. d3 Bf5 8. a3
Qd7 9. h3 Rfe8 10. e4 Bg6 11. Bg5 h6 12. Bxf6 gxf6 13. Nd5 Kg7 14. O-O Ne7 15.
Kh2 c6 16. Nxe7 Rxe7 17. f4 f5 18. d4 exd4 19. Nxd4 Bxd4 20. Qxd4+ f6 21. Rad1
fxe4 22. f5 Bh5 23. g4 Bf7 24. Bxe4 Rae8 25. Bg2 Re2 26. Kh1 Qe7 27. Bf3 Re3
28. Bg2 Re2 1/2-1/2

[Event "1516LLO"]
[Site "Mecklenburg-Vorpommern"]
[Date "2015.12.13"]
[Round "4.5"]
[White "Schumann, Lutz"]
[Black "Malchau, Jochen"]
[Result "1/2-1/2"]
[WhiteElo "1661"]
[BlackElo "1637"]
[Annotator "Stockfish 6 (10s)"]
[PlyCount "80"]
[EventType "team-tourn"]
[EventRounds "9"]
[EventCountry "GER"]
[SourceDate "2015.09.20"]
[WhiteTeam "SSC Graal-Mueritz"]
[BlackTeam "Greifswalder SV II "]
[WhiteTeamCountry "GER"]
[BlackTeamCountry "GER"]

1. c4 Nf6 2. Nc3 e6 3. g3 d5 4. cxd5 exd5 5. d4 c6 6. Bg2 Bf5 7. Nf3 Bd6 (7...
h6 8. O-O Nbd7 9. Bf4 Be7 10. a3 O-O 11. b4 Ne4 12. Qb3 Nxc3 13. Qxc3 a6 14.
Nd2 Nf6 15. Rfc1 Re8 16. Re1 Bd6 17. Bxd6 Qxd6 18. e3 Ne4 19. Nxe4 Bxe4 20.
Bxe4 Rxe4 21. a4 Rae8 22. b5 {Andriasian,Z (2619) -Matlakov,M (2632)
Magnitogorsk 2011 0-1 (43)}) 8. O-O O-O 9. Qb3 $146 (9. Bg5 Nbd7 10. a3 h6 11.
Bxf6 Qxf6 12. b4 b5 13. Nh4 Bh7 14. e4 dxe4 15. Nxe4 Bxe4 16. Bxe4 Rac8 17. Rc1
Bb8 18. Qf3 Qg5 19. Qf5 Nf6 20. Rxc6 Rxc6 21. Bxc6 Qd2 22. Qxb5 Qxd4 23. Nf5
Qb2 {Jamrich,G (2310)-Balogh,C (2155) Budapest 1999 1-0 (33)}) 9... Qb6 10.
Qxb6 axb6 {Schwarz hat neue Doppelbauern: b6+b7} 11. Nh4 {Weiß droht
Materialgewinn: Sh4xf5} Bc2 (11... Be6 $5 $15 {ist interessant} 12. f4 $5 b5 (
12... Re8 13. a3 b5) 13. f5 Bc8 14. e4 dxe4 15. Nxe4 Nxe4 16. Bxe4 Nd7) 12. Bg5
$14 Nbd7 13. Rfc1 Bg6 14. Nxg6 hxg6 15. a3 {Kontrolliert b4} b5 16. e4 dxe4 17.
Nxe4 Nxe4 18. Bxe4 Rfe8 {Schwarz droht Materialgewinn: Te8xe4} 19. Bf3 Rac8 (
19... Nb6 20. Re1 $11 (20. d5 Nxd5 21. Bxd5 cxd5 22. Rd1 f6 23. Rxd5 Be5)) 20.
Re1 (20. b3 Ra8 21. a4 Ra5 $14) 20... Nb6 $11 21. Bd2 Kf8 {Die schwarze
Königssicherheit hat sich verschlechtert} 22. Kf1 Be7 23. Rad1 Bf6 24. Bb4+
Kg8 25. Rxe8+ Rxe8 26. b3 {Überdeckt a4+c4} Nd5 27. Bxd5 cxd5 28. Rd3 (28. Rc1
b6 $14) 28... Re4 {[%cal Re4d4,Rf6d4,Gd3d4] Übt Druck auf den Isolani d4 aus.
Schwarz droht Materialgewinn: Te4xd4} (28... Rc8 29. Bc5 $11) 29. Bc5 (29. Rc3
Rxd4 30. Rc8+ Kh7 $14) 29... Bd8 (29... Re6 30. Rf3 $11) 30. f3 {Weiß droht
Materialgewinn: f3xe4} (30. Rc3 $5 {ist zu überlegen} b6 31. Bb4 $16) 30...
Re8 $11 31. Kf2 Ba5 32. Re3 Rxe3 33. Kxe3 f5 34. Bd6 (34. Kf4 Bc7+ 35. Kg5 Kf7
36. a4 bxa4 37. bxa4 Bd8+ 38. Kf4 Ke6 $11) 34... Kf7 35. Kd3 (35. h4 Bd8 36. f4
Ke6 37. Be5 Kf7 38. Kd3 Ba5 $11) 35... Ke6 {Schwarz droht Materialgewinn:
Ke6xd6} 36. Be5 {Weiß droht Materialgewinn: Le5xg7. Weiß besetzt das
Schlüsselfeld e5} Kf7 37. Ke3 g5 38. g4 f4+ {Schwarz hat mehr Raum} 39. Kd3 g6
40. h3 Ke6 {1/2-1/2 (40) Schumann,L-Malchau,J Landesliga Ost MV 2015 
[Stockfish 6 (10s)]} 1/2-1/2

[Event "1516LLO"]
[Site "Mecklenburg-Vorpommern"]
[Date "2015.12.13"]
[Round "4.6"]
[White "Kriese, Ralf"]
[Black "Hausmann, Ulrich"]
[Result "1-0"]
[WhiteElo "1629"]
[BlackElo "1653"]
[PlyCount "95"]
[EventType "team-tourn"]
[EventRounds "9"]
[EventCountry "GER"]
[SourceDate "2015.09.20"]
[WhiteTeam "Greifswalder SV II "]
[BlackTeam "SSC Graal-Mueritz"]
[WhiteTeamCountry "GER"]
[BlackTeamCountry "GER"]

1. e4 d6 2. d4 e6 3. Bd3 Nc6 4. c3 Bd7 5. Be3 e5 6. Nf3 Nf6 7. Nbd2 h6 8. dxe5
dxe5 9. Qb3 Qc8 10. Bc4 Be6 11. Bxe6 Qxe6 12. Qxe6+ fxe6 13. h3 Bd6 14. O-O-O
Rd8 15. Ne1 a6 16. f3 Kf7 17. Kc2 Rd7 18. Nd3 Rhd8 19. Nc5 Bxc5 20. Bxc5 b6 21.
Bf2 Nh5 22. Nc4 Rxd1 23. Rxd1 Rxd1 24. Kxd1 Nf4 25. Bg3 Nxg2 26. Nxe5+ Nxe5 27.
Bxe5 c6 28. Bg3 Ne3+ 29. Ke2 Nc4 30. b3 Na3 31. Bf2 c5 32. Kd3 Nb5 33. b4 cxb4
34. cxb4 Na3 35. Bxb6 Ke7 36. Bd4 g5 37. Bb2 Nb5 38. a4 Nd6 39. Be5 Nf7 40. Kd4
Kd7 41. b5 axb5 42. axb5 Kc8 43. Bg7 Kc7 44. Kc5 h5 45. Bf6 g4 46. hxg4 hxg4
47. fxg4 Nd6 48. Be5 1-0

[Event "1516LLO"]
[Site "Mecklenburg-Vorpommern"]
[Date "2015.12.13"]
[Round "4.7"]
[White "Mueggenburg, Rolf"]
[Black "Motullo, Jens"]
[Result "1/2-1/2"]
[WhiteElo "1549"]
[BlackElo "1646"]
[PlyCount "77"]
[EventType "team-tourn"]
[EventRounds "9"]
[EventCountry "GER"]
[SourceDate "2015.09.20"]
[WhiteTeam "SSC Graal-Mueritz"]
[BlackTeam "Greifswalder SV II "]
[WhiteTeamCountry "GER"]
[BlackTeamCountry "GER"]

1. Nf3 b6 2. g3 Bb7 3. Bg2 Nf6 4. O-O e6 5. d4 d5 6. c3 Nbd7 7. Qa4 Bd6 8. Bg5
h6 9. Bc1 a6 10. Re1 Ne4 11. Ne5 b5 12. Qc2 Nxe5 13. dxe5 Bxe5 14. f3 Nf6 15.
e3 g5 16. Qe2 Bd6 17. b4 h5 18. e4 dxe4 19. fxe4 Ng4 20. Rd1 Ne5 21. Be3 h4 22.
Bd4 Qe7 23. Nd2 hxg3 24. hxg3 O-O-O 25. Nb3 f6 26. Kf2 Rh2 27. Rh1 Rdh8 28.
Rxh2 Rxh2 29. Rh1 Qh7 30. Rxh2 Qxh2 31. Nc5 Bxc5 32. Bxc5 f5 33. Kf1 Qxg3 34.
Qh5 Qd3+ 35. Kg1 Bxe4 36. Qh8+ Kb7 37. Qxe5 Qd1+ 38. Kh2 Qh5+ 39. Kg1 1/2-1/2

[Event "1516LLO"]
[Site "Mecklenburg-Vorpommern"]
[Date "2015.12.13"]
[Round "4.8"]
[White "Dombrowski, Frank"]
[Black "Schroeter, Reinhard"]
[Result "1-0"]
[WhiteElo "1988"]
[BlackElo "1491"]
[PlyCount "95"]
[EventType "team-tourn"]
[EventRounds "9"]
[EventCountry "GER"]
[SourceDate "2015.09.20"]
[WhiteTeam "Greifswalder SV II "]
[BlackTeam "SSC Graal-Mueritz"]
[WhiteTeamCountry "GER"]
[BlackTeamCountry "GER"]

1. c3 d5 2. d4 e6 3. Bf4 Nf6 4. Nf3 Be7 5. e3 O-O 6. Nbd2 Nbd7 7. h3 c5 8. a3
a6 9. dxc5 Nxc5 10. b4 Nce4 11. c4 Nxd2 12. Nxd2 dxc4 13. Nxc4 Nd5 14. Be5 Bd7
15. Be2 Bc6 16. O-O Bf6 17. Qd4 Bxe5 18. Qxe5 Qf6 19. Qxf6 Nxf6 20. Ne5 Bd5 21.
Rfc1 Rac8 22. Kf1 Rfd8 23. f3 Nh5 24. Kf2 f6 25. Nd3 g6 26. Nc5 Kf7 27. g4 Ng7
28. e4 Bc6 29. Rd1 Ke7 30. Bc4 e5 31. Ke3 Rd6 32. Rxd6 Kxd6 33. Rd1+ Ke7 34. f4
exf4+ 35. Kxf4 Rf8 36. Bd5 Rd8 37. Rd3 Bb5 38. Rc3 b6 39. Nb3 Rd7 40. Nd4 Ba4
41. h4 Kd6 42. Rc8 Re7 43. Rb8 Kc7 44. Rb7+ Kd8 45. Rxb6 a5 46. bxa5 Ra7 47. a6
Rd7 48. Rxf6 1-0

[Event "1516LLO"]
[Site "Mecklenburg-Vorpommern"]
[Date "2015.12.13"]
[Round "4.1"]
[White "Windjaeger, Gerd"]
[Black "Jeske, Holger"]
[Result "1/2-1/2"]
[WhiteElo "1939"]
[BlackElo "1870"]
[PlyCount "50"]
[EventType "team-tourn"]
[EventRounds "9"]
[EventCountry "GER"]
[SourceDate "2015.09.20"]
[WhiteTeam "SV Gryps"]
[BlackTeam "SSC Rostock 07 III"]
[WhiteTeamCountry "GER"]
[BlackTeamCountry "GER"]

1. Nf3 Nf6 2. d4 b6 3. g3 Bb7 4. Bg2 d6 5. c4 Nbd7 6. O-O g6 7. Nc3 Bg7 8. d5
O-O 9. Nd4 Qc8 10. Bh3 Qd8 11. b3 Nc5 12. Bg2 Qc8 13. b4 Ncd7 14. Bb2 Ne5 15.
Qb3 Ba6 16. Ncb5 Bb7 17. f4 Ned7 18. Rfd1 a6 19. Nc3 Qb8 20. Nc6 Qe8 21. Nd4
Bc8 22. h3 Nh5 23. Kh2 Ndf6 24. e3 Bh6 25. Re1 Qd7 1/2-1/2

[Event "1516LLO"]
[Site "Mecklenburg-Vorpommern"]
[Date "2015.12.13"]
[Round "4.2"]
[White "Schumann, Harald"]
[Black "Mauser, Tassilo Tino"]
[Result "1/2-1/2"]
[WhiteElo "1937"]
[BlackElo "1807"]
[PlyCount "40"]
[EventType "team-tourn"]
[EventRounds "9"]
[EventCountry "GER"]
[SourceDate "2015.09.20"]
[WhiteTeam "SSC Rostock 07 III"]
[BlackTeam "SV Gryps"]
[WhiteTeamCountry "GER"]
[BlackTeamCountry "GER"]

1. e4 c5 2. Nf3 e6 3. Bc4 d5 4. exd5 exd5 5. Bb5+ Bd7 6. Bxd7+ Nxd7 7. O-O Be7
8. d4 Ngf6 9. Nc3 O-O 10. Re1 cxd4 11. Nxd4 Bb4 12. Bd2 Qb6 13. Nb3 Rfe8 14. a3
Bd6 15. Be3 Qc6 16. Nd4 Qc7 17. h3 a6 18. Nf5 Bh2+ 19. Kh1 Be5 20. Bd4 Rad8
1/2-1/2

[Event "1516LLO"]
[Site "Mecklenburg-Vorpommern"]
[Date "2015.12.13"]
[Round "4.3"]
[White "Wagner, Swenja"]
[Black "Maertin, Heinz"]
[Result "1/2-1/2"]
[WhiteElo "1709"]
[BlackElo "1732"]
[PlyCount "48"]
[EventType "team-tourn"]
[EventRounds "9"]
[EventCountry "GER"]
[SourceDate "2015.09.20"]
[WhiteTeam "SV Gryps"]
[BlackTeam "SSC Rostock 07 III"]
[WhiteTeamCountry "GER"]
[BlackTeamCountry "GER"]

1. e4 c5 2. Nf3 a6 3. d4 cxd4 4. Nxd4 Nf6 5. Nc3 d6 6. Bc4 e6 7. Bb3 b5 8. f3
Bb7 9. Bg5 Nbd7 10. Qd2 Rc8 11. O-O Nb6 12. Rad1 Nc4 13. Bxc4 Rxc4 14. b3 Rc8
15. Kh1 Be7 16. Rfe1 O-O 17. Be3 Qc7 18. Nce2 Rfd8 19. c3 d5 20. exd5 Nxd5 21.
Rc1 Nxe3 22. Qxe3 Bc5 23. Qg5 Bd6 24. Qh4 Qe7 1/2-1/2

[Event "1516LLO"]
[Site "Mecklenburg-Vorpommern"]
[Date "2015.12.13"]
[Round "4.4"]
[White "Moritz, Hartmut"]
[Black "Springer, Guido"]
[Result "1/2-1/2"]
[WhiteElo "1852"]
[BlackElo "1743"]
[PlyCount "34"]
[EventType "team-tourn"]
[EventRounds "9"]
[EventCountry "GER"]
[SourceDate "2015.09.20"]
[WhiteTeam "SSC Rostock 07 III"]
[BlackTeam "SV Gryps"]
[WhiteTeamCountry "GER"]
[BlackTeamCountry "GER"]

1. e4 c5 2. c3 d5 3. exd5 Qxd5 4. d4 Nc6 5. Nf3 Bg4 6. Be2 cxd4 7. cxd4 e6 8.
Nc3 Bb4 9. O-O Bxc3 10. bxc3 Nge7 11. h3 Bh5 12. Ba3 O-O 13. c4 Qf5 14. g4 Bxg4
15. hxg4 Qxg4+ 16. Kh1 Qh3+ 17. Kg1 Qg4+ 1/2-1/2

[Event "1516LLO"]
[Site "Mecklenburg-Vorpommern"]
[Date "2015.12.13"]
[Round "4.5"]
[White "Hollatz, Michael"]
[Black "Menkhaus, Wolf Dieter"]
[Result "0-1"]
[WhiteElo "1767"]
[BlackElo "1828"]
[PlyCount "62"]
[EventType "team-tourn"]
[EventRounds "9"]
[EventCountry "GER"]
[SourceDate "2015.09.20"]
[WhiteTeam "SV Gryps"]
[BlackTeam "SSC Rostock 07 III"]
[WhiteTeamCountry "GER"]
[BlackTeamCountry "GER"]

1. e4 e5 2. Nf3 Nf6 3. d3 Nc6 4. Bg5 Bb4+ 5. c3 Be7 6. Nbd2 O-O 7. Nc4 d5 8.
exd5 Nxd5 9. Bxe7 Qxe7 10. Qc2 b5 11. Ne3 Be6 12. g3 Qc5 13. Nxd5 Bxd5 14. Bg2
Rad8 15. Qb1 b4 16. c4 Be6 17. O-O Bf5 18. Rd1 h6 19. Rd2 Nd4 20. Ne1 Rd6 21.
b3 Rfd8 22. Qb2 Bg4 23. h3 Bh5 24. g4 Bg6 25. Kh1 Ne6 26. Nf3 f6 27. Nh4 Bxd3
28. Bd5 Be4+ 29. Bxe4 Rxd2 30. Qb1 Ng5 31. Bd5+ R8xd5 0-1

[Event "1516LLO"]
[Site "Mecklenburg-Vorpommern"]
[Date "2015.12.13"]
[Round "4.6"]
[White "Herde, Dittmar"]
[Black "Decker, Lutz"]
[Result "1-0"]
[WhiteElo "1814"]
[BlackElo "1060"]
[PlyCount "89"]
[EventType "team-tourn"]
[EventRounds "9"]
[EventCountry "GER"]
[SourceDate "2015.09.20"]
[WhiteTeam "SSC Rostock 07 III"]
[BlackTeam "SV Gryps"]
[WhiteTeamCountry "GER"]
[BlackTeamCountry "GER"]

1. d4 d5 2. c4 e6 3. Nc3 Bb4 4. Nf3 Bd7 5. Qb3 Bxc3+ 6. bxc3 Nf6 7. Qxb7 Nc6 8.
Qb3 Na5 9. Qc2 Nxc4 10. Bg5 Rb8 11. Ne5 Bb5 12. a4 Ba6 13. Ra2 Qd6 14. Nxc4
Bxc4 15. Rb2 Nd7 16. Rxb8+ Nxb8 17. e3 Bxf1 18. Kxf1 Qa6+ 19. Ke1 O-O 20. Kd2
f6 21. Bf4 Qc4 22. Rb1 Nd7 23. Qb3 e5 24. Qxc4 dxc4 25. Bg3 a5 26. Rb5 Ra8 27.
dxe5 c6 28. Rb7 Nxe5 29. Rb6 Rc8 30. Bxe5 fxe5 31. Ra6 Rd8+ 32. Kc2 Rf8 33. f3
e4 34. f4 Rc8 35. Rxa5 c5 36. Ra7 Kf8 37. a5 h6 38. a6 Rc6 39. g4 g6 40. h3 g5
41. f5 Rb6 42. Ra8+ Kf7 43. a7 Rb7 44. Rh8 Rxa7 45. Rh7+ 1-0

[Event "1516LLO"]
[Site "Mecklenburg-Vorpommern"]
[Date "2015.12.13"]
[Round "4.7"]
[White "Mauser, Tassilo Tino"]
[Black "Raitza, Egon"]
[Result "0-1"]
[WhiteElo "1807"]
[BlackElo "1688"]
[PlyCount "64"]
[EventType "team-tourn"]
[EventRounds "9"]
[EventCountry "GER"]
[SourceDate "2015.09.20"]
[WhiteTeam "SV Gryps"]
[BlackTeam "SSC Rostock 07 III"]
[WhiteTeamCountry "GER"]
[BlackTeamCountry "GER"]

1. e4 e6 2. Nf3 d5 3. exd5 exd5 4. d3 Bd6 5. Ng5 Nf6 6. Nf3 O-O 7. b3 Re8+ 8.
Be2 Qe7 9. Bb2 Nbd7 10. Nc3 Bb4 11. O-O Bxc3 12. Bxc3 Qxe2 13. Qc1 Qe6 14. Nd4
Qb6 15. Nf5 Nf8 16. Bxf6 Qxf6 17. Ng3 Bd7 18. Nh5 Qc3 19. Nf4 c6 20. Qd1 Ng6
21. Ne2 Qf6 22. c4 Bg4 23. Re1 Rxe2 24. Rxe2 Bxe2 25. Qxe2 Qxa1+ 26. Qf1 Qxf1+
27. Kxf1 dxc4 28. dxc4 Re8 29. g3 Ne5 30. f4 Nd3 31. Kg2 Re2+ 32. Kh3 f5 0-1

[Event "1516LLO"]
[Site "Mecklenburg-Vorpommern"]
[Date "2015.12.13"]
[Round "4.8"]
[White "Worm, Alfred"]
[Black "Wagner, Tino"]
[Result "1-0"]
[WhiteElo "1673"]
[BlackElo "996"]
[PlyCount "65"]
[EventType "team-tourn"]
[EventRounds "9"]
[EventCountry "GER"]
[SourceDate "2015.09.20"]
[WhiteTeam "SSC Rostock 07 III"]
[BlackTeam "SV Gryps"]
[WhiteTeamCountry "GER"]
[BlackTeamCountry "GER"]

1. e4 e5 2. Nc3 Nc6 3. Bc4 Bc5 4. Nge2 Nf6 5. d3 O-O 6. Be3 Bb6 7. Bxb6 axb6 8.
a3 d6 9. O-O Na5 10. Ba2 Bd7 11. Qd2 c5 12. f4 b5 13. b4 cxb4 14. axb4 Qb6+ 15.
Kh1 Nc6 16. Nd5 Nxd5 17. exd5 Ne7 18. fxe5 dxe5 19. c4 bxc4 20. dxc4 Qg6 21. c5
Nf5 22. Bc4 Rxa1 23. Rxa1 Nd4 24. Nxd4 exd4 25. Qxd4 Re8 26. b5 h6 27. Bd3 Qg5
28. c6 bxc6 29. dxc6 Bf5 30. Bxf5 Qxf5 31. b6 Qc2 32. c7 Qf5 33. b7 1-0

[Event "1516LLO"]
[Site "Mecklenburg-Vorpommern"]
[Date "2015.12.13"]
[Round "4.1"]
[White "Manke, Karsten"]
[Black "Bugdahl, Felix"]
[Result "1/2-1/2"]
[WhiteElo "1762"]
[BlackElo "1781"]
[PlyCount "51"]
[EventType "team-tourn"]
[EventRounds "9"]
[EventCountry "GER"]
[SourceDate "2015.09.20"]
[WhiteTeam "FHSG Stralsund II"]
[BlackTeam "SG Neubrandenburg II"]
[WhiteTeamCountry "GER"]
[BlackTeamCountry "GER"]

1. e4 c5 2. Nf3 Nc6 3. d4 cxd4 4. Nxd4 Nf6 5. Nc3 e5 6. Ndb5 d6 7. a4 a6 8. Na3
Be6 9. Bg5 Be7 10. Be2 Rc8 11. O-O h6 12. Bh4 g5 13. Bg3 h5 14. f3 Qb6+ 15. Kh1
Qxb2 16. Nd5 Bxd5 17. exd5 Nd4 18. Bd3 Nxd5 19. Nc4 Rxc4 20. Bxc4 Ne3 21. Qd3
Nxf1 22. Qxf1 Qxc2 23. Rb1 O-O 24. Rxb7 Rc8 25. Bxa6 Qd2 26. Be1 1/2-1/2

[Event "1516LLO"]
[Site "Mecklenburg-Vorpommern"]
[Date "2015.12.13"]
[Round "4.2"]
[White "Hartung, Lothar"]
[Black "Paulowitz, Bernd Rainer"]
[Result "1/2-1/2"]
[WhiteElo "1741"]
[BlackElo "1887"]
[PlyCount "29"]
[EventType "team-tourn"]
[EventRounds "9"]
[EventCountry "GER"]
[SourceDate "2015.09.20"]
[WhiteTeam "SG Neubrandenburg II"]
[BlackTeam "FHSG Stralsund II"]
[WhiteTeamCountry "GER"]
[BlackTeamCountry "GER"]

1. d4 Nf6 2. e3 e6 3. Bd3 d5 4. Nf3 Be7 5. Nbd2 O-O 6. O-O Nbd7 7. e4 dxe4 8.
Nxe4 Nxe4 9. Bxe4 Nf6 10. Bd3 b6 11. Qe2 Bb7 12. Rd1 Qd6 13. h3 h6 14. c3 Rad8
15. Ne5 1/2-1/2